000
00327 a2200133 4500
001
150842
040
_c
Escola São Tomás de Aquino
100
_a
WELLS, Rosemary
240
1
0
_a
A volta de Lassie
_l
por
245
1
0
_a
A volta de Lassie
440
1
_a
Ática
697
_a
Contos de Fadas e Clássicos da Literatura
942
_c
BK
999
_c
150842
_d
150842